[Event "GER-ch U16 Girls"]
[Site "Willingen"]
[Date "2003.06.10"]
[Round "4"]
[White "Mersmann, Maren"]
[Black "Kaplun, Viktoria"]
[Result "1-0"]
[WhiteElo "1669"]
[BlackElo "1502"]
[PlyCount "67"]
[EventDate "2003.06.08"]
[EventType "swiss"]
[EventRounds "9"]
[EventCountry "GER"]
[SourceTitle "CBM 094 Extra"]
[Source "ChessBase"]
[SourceDate "2003.07.09"]
[SourceVersion "2"]
[SourceVersionDate "2003.07.09"]
[SourceQuality "1"]

1. e4 c5 2. Nf3 e6 3. d4 cxd4 4. Nxd4 Nf6 5. Bd3 a6 6. 0-0 Qc7 7. c4 Be7 8. Nc3 0-0 9. Be3 b6 10. f4 Bb7 11. e5 Ne8 12. Qh5 f5 13. g4 g6 14. Qh3 Ng7 15. gxf5 Nxf5 16. Nxf5 exf5 17. Nd5 Bxd5 18. cxd5 Bc5 19. Rac1 Bxe3+ 20. Qxe3 Qd8 21. Rc3 b5 22. Rfc1 b4 23. Rc7 Re8 24. Qh3 Qe7 25. Rb7 Qd8 26. Rcc7 Qe7 27. Qg3 Rd8 28. Bxf5 Qf7 29. Be4 a5 30. Qg5 Rf8 31. e6 Qg7 32. Qe5 Qh6 33. exd7 Qh3 34. Qe6+ 1-0

[Event "NRW-ch U16/18 Girls"]
[Site "Kranenburg"]
[Date "2003.04.24"]
[Round "5"]
[White "Boernemeier, Bianca"]
[Black "Kaplun, Viktoria"]
[Result "1-0"]
[WhiteElo "1398"]
[BlackElo "1476"]
[PlyCount "87"]
[EventDate "2003.04.??"]
[EventType "swiss"]
[EventRounds "7"]
[EventCountry "GER"]
[SourceTitle "EXT 2005"]
[Source "ChessBase"]
[SourceDate "2004.11.15"]
[SourceVersion "1"]
[SourceVersionDate "2004.11.15"]
[SourceQuality "1"]

1. e4 c5 2. Nf3 d6 3. d4 cxd4 4. Nxd4 Nf6 5. Nc3 a6 6. Be3 Nc6 7. Bd3 e5 8. Nde2 Be6 9. f4 Ng4 10. Qd2 Qf6 11. f5 Bd7 12. Bg5 Qxg5 13. Qxg5 Nf6 14. 0-0-0 h6 15. Qe3 Ng4 16. Qg3 Nf6 17. Bc4 b5 18. Bd5 b4 19. Nb1 Rc8 20. Qb3 Nxd5 21. Qxd5 a5 22. a3 bxa3 23. Nxa3 Be7 24. Rhf1 0-0 25. Rf3 Rb8 26. Rb3 Nb4 27. Qxa5 Bg5+ 28. Kb1 Nxc2 29. Rxb8 Nxa3+ 30. Qxa3 Rxb8 31. Qxd6 Rb7 32. Nc3 Bf6 33. Nd5 Bg5 34. Qa6 Rb8 35. Ne7+ Bxe7 36. Rxd7 Bg5 37. Qa7 Rc8 38. Rxf7 Rc1+ 39. Ka2 Bf6 40. Rc7 Re1 41. Qa8+ Kh7 42. Rc8 g5 43. Qb7+ Bg7 44. Rc7 1-0